00374pab a2200133 454500008004000000100002300040245009000063260000900153362001100162650001900173700001700192700001600209773001500225180718b2001 xxu||||| |||| 00| 0 eng d aMehta, Aasha Kapur aParliamentary debate on the Golden Jubilee of Independence: equity and social justice c2001 aAug 18 aSocial justice aArora, Dolly aKabra, K.N. aMainstream